Social networks : (Record no. 26701)
[ view plain ]
| 000 -LEADER | |
|---|---|
| fixed length control field | 01070cam a22002775a 4500 |
| 001 - CONTROL NUMBER | |
| control field | 18209581 |
| 005 - DATE AND TIME OF LATEST TRANSACTION | |
| control field | 20180513123006.0 |
| 008 - FIXED-LENGTH DATA ELEMENTS--GENERAL INFORMATION | |
| fixed length control field | 140702t2014 au a frb 001 0 eng d |
| 020 ## - INTERNATIONAL STANDARD BOOK NUMBER | |
| International Standard Book Number | 9783709117965 |
| 040 ## - CATALOGING SOURCE | |
| Original cataloging agency | DLC |
| Language of cataloging | eng |
| Transcribing agency | DLC |
| Modifying agency | DLC |
| -- | EG-ScBUE |
| 082 04 - DEWEY DECIMAL CLASSIFICATION NUMBER | |
| Edition number | 22 |
| Classification number | 006.754 |
| Item number | SOC |
| 245 00 - TITLE STATEMENT | |
| Title | Social networks : |
| Remainder of title | analysis and case studies / |
| Statement of responsibility, etc | editors Şule Gündüz-Öğüdücü, A. Şima Etaner-Uyar. |
| 260 ## - PUBLICATION, DISTRIBUTION, ETC. (IMPRINT) | |
| Place of publication, distribution, etc | Wien : |
| Name of publisher, distributor, etc | Springer, |
| Date of publication, distribution, etc | c.2014. |
| 300 ## - PHYSICAL DESCRIPTION | |
| Extent | xx, 249 p. : |
| Other physical details | ill. ; |
| Dimensions | 24 cm. |
| 490 0# - Series Statement | |
| Series statement | Lecture Notes in Social Networks |
| 504 ## - BIBLIOGRAPHY, ETC. NOTE | |
| Bibliography, etc | Includes bibliographical references and index. |
| 650 #7 - SUBJECT ADDED ENTRY--TOPICAL TERM | |
| Source of heading or term | BUEsh |
| 9 (RLIN) | 32891 |
| Topical term or geographic name as entry element | Social media. |
| 650 #0 - SUBJECT ADDED ENTRY--TOPICAL TERM | |
| Source of heading or term | BUEsh |
| 9 (RLIN) | 14611 |
| Topical term or geographic name as entry element | Online social networks. |
| 651 ## - SUBJECT ADDED ENTRY--GEOGRAPHIC NAME | |
| Source of heading or term | BUEsh |
| 653 ## - INDEX TERM--UNCONTROLLED | |
| Resource For college | Informatics and Computer Science |
| Arrived date list | May2018 |
| 700 1# - ADDED ENTRY--PERSONAL NAME | |
| Personal name | Gündüz-Ögüdücü, Şule, |
| Relator term | editor. |
| 700 1# - ADDED ENTRY--PERSONAL NAME | |
| Personal name | Etaner-Uyar, A. Şima, |
| Relator term | editor. |
| 856 42 - ELECTRONIC LOCATION AND ACCESS | |
| Materials specified | Publisher description |
| Uniform Resource Identifier | <a href="http://www.loc.gov/catdir/enhancements/fy1411/2014944729-d.html">http://www.loc.gov/catdir/enhancements/fy1411/2014944729-d.html</a> |
| 856 41 - ELECTRONIC LOCATION AND ACCESS | |
| Materials specified | Table of contents only |
| Uniform Resource Identifier | <a href="http://www.loc.gov/catdir/enhancements/fy1411/2014944729-t.html">http://www.loc.gov/catdir/enhancements/fy1411/2014944729-t.html</a> |
| 942 ## - ADDED ENTRY ELEMENTS (KOHA) | |
| Source of classification or shelving scheme | Dewey Decimal Classification |
| Withdrawn status | Item status | Source of classification or shelving scheme | Damaged status | Not for loan | Vendor | Home library | Current library | Shelving location | Date acquired | Cost, normal purchase price | Serial Enumeration / chronology | Total Checkouts | Full call number | Barcode | Date last seen | Cost, replacement price | Koha item type |
|---|---|---|---|---|---|---|---|---|---|---|---|---|---|---|---|---|---|
| Dewey Decimal Classification | Baccah | Central Library | Central Library | Lower Floor | 13/05/2018 | 1020.00 | 2000088 | 006.754 SOC | 000047753 | 15/07/2025 | 1275.00 | Book - Borrowing |